| 000 | 01105nam a2200217 i 4500 | ||
|---|---|---|---|
| 001 | 154590 | ||
| 003 | ES-MaACL | ||
| 005 | 20250808034527.0 | ||
| 008 | 990113s1872 sp |||| | spa d | ||
| 100 | 1 |
_aGonzález Nandín, Sebastián. _9127421 |
|
| 245 | 1 | 0 |
_aEstudios sobre la pena de muerte / _cpor Sebastián González Nandín. |
| 260 |
_aMadrid : _b[s.n.], _c1872 ( _fImp. de la Revista de legislacion, a cargo de J. Morales) |
||
| 300 |
_a104 p. ; _c26 cm. |
||
| 530 | _aDisponible en formato digital. | ||
| 595 | _aEn port.: Publicados en la Revista general de legislación y jurisprudencia (entrega de octubre de 1872) | ||
| 650 | 7 |
_aPena de muerte _2embne _915915 |
|
| 852 |
_aES-MaACL _jT-174-F-2 _z- Enc. hol., falto de cub. original _z. - Ded. del autor al Ateneo de Madrid _z- Enc. en un vol. facticio |
||
| 852 |
_aES-MaACL _jT-1273-F-3 _z- Enc. hol., conservando cub. original _z. - Ded. del autor a Laureano Figuerola _z- Enc. en un vol. facticio |
||
| 856 |
_uhttp://bdh-rd.bne.es/viewer.vm?id=0000037932&page=1 _zBiblioteca Digital Hispánica |
||
| 999 |
_c154590 _d154590 |
||